Nomi dei calciatori - Quiz n°1 - Statistics

Statistiche generali
  • Questo quiz è stato fatto 435 volte
  • Il punteggio medio è 9 su 10
Statistiche sulle risposte
Hint Risposta % Corretto
Cassano Antonio
95%
Félix João
94%
Motta Thiago
91%
Alberto Luis
86%
Vecino Matías
86%
Werner Timo
85%
Ba Demba
82%
Malinovs'kyj Ruslan
82%
Vidić Nemanja
80%
Viviano Emiliano
71%
Nessun quiz corrispondente trovato
Distribuzione punteggi
Percentuale di utenti per punteggio
Percentile per numero di risposta
I tuoi punteggi nel tempo
Non hai fatto questo quiz